000 00792nam a2200253Ia 4500
003 OSt
005 20221005133555.0
006 a|||||r|||| 00| 0
007 ta
008 221004b |||||||| |||| 00| 0 snd d
020 _c100
024 _a122824
037 _b051, 30/03/2012, Sindhi Academy, Delhi
_cTextual
040 _aCRL
_cCRL
_bsnd
041 _2snd
_asnd
082 _aU8, 1593P8
100 _aचावला, ठाकुर
245 0 _aतूं सिंणू में रही पउ
246 _aTūan sianṇū mean rahī pau
260 _c2008
650 _aसिन्धी साहित्य
942 _hU8, 1593P8
_cTEXL
_2cc
999 _c1067256
_d1067256